Geography Quiz

Random Geography or World Quiz
Score 0/74 Timer 06:00
3 Plays Today
Hint -ANIA % Correct
-ANIARomania
94.2%
-IAAustralia
93.6%
-IAIndia
92.6%
-IAAustria
92.6%
-IARussia
92.1%
-IAAlgeria
91.2%
-ANIALithuania
89.4%
-AChina
89.4%
-ACanada
89.4%
-AArgentina
88.8%
-IAColombia
87.2%
-IABulgaria
86.9%
-IALatvia
86.8%
-ACuba
86.5%
-NIAEstonia
86.5%
-IAIndonesia
85.6%
-NIASlovenia
85.2%
-ANIAAlbania
85%
-AAndorra
84.8%
-IATunisia
84.5%
-ASouth Korea
84.5%
-ANorth Korea
84.1%
-IACroatia
84%
-IASlovakia
83.8%
-AGuatemala
83.8%
-IABolivia
82.7%
-APanama
82.1%
-AJamaica
81%
-IASaudi Arabia
80.6%
-IASerbia
80.6%
-IACambodia
80.3%
-IAMalaysia
80.3%
-IASyria
80.2%
-IACzechia
79.8%
-ASouth Africa
79%
-IAEthiopia
78.7%
-AKenya
78.7%
Hint -ANIA % Correct
-ALibya
77%
-IAMongolia
76.2%
-AVenezuela
73.8%
-NIANorth Macedonia
73.2%
-ABosnia and Herzegovina
73%
-IAGeorgia
71.9%
-IANigeria
71.3%
-IASomalia
71.2%
-ANIATanzania
69.2%
-NIAArmenia
69.1%
-AMalta
66.9%
-IANamibia
65.6%
-ACosta Rica
65.4%
-IALiberia
64.4%
-AMoldova
64.2%
-AGhana
64.2%
-ANicaragua
62.4%
-ASri Lanka
61.8%
-AAngola
60.1%
-AUganda
57.7%
-IAZambia
57.2%
-AGuyana
56.5%
-ANIAMauritania
56.3%
-AGuinea
56.3%
-ARwanda
55.3%
-ADominica
55.2%
-AAntigua and Barbuda
52.8%
-AEritrea
52.5%
-IASt. Lucia
51.9%
-IAThe Gambia
50.9%
-APapua New Guinea
50.4%
-ABotswana
50.2%
-ASamoa
47.5%
-AGrenada
46%
-ATonga
43.3%
-AEquatorial Guinea
42.4%
-IAMicronesia
41%
Remove Ads.
Support Sporcle.
Get the best of Sporcle when you Go Orange. This ad-free experience offers more features, more stats, and more fun while also helping to support Sporcle. Thank you for becoming a member.

You're not logged in!

Compare scores with friends on all Sporcle quizzes.
OR
Log In

Show Comments

Extras

Top Quizzes Today


Score Distribution

Your Account Isn't Verified!

In order to create a playlist on Sporcle, you need to verify the email address you used during registration. Go to your Sporcle Settings to finish the process.

Report this User

Report this user for behavior that violates our Community Guidelines.

Details: